Detalles MARC
| 000 -CABECERA |
| campo de control de longitud fija |
02162nam a2200325 4500 |
| 001 - NÚMERO DE CONTROL |
| campo de control |
113373 |
| 003 - IDENTIFICADOR DEL NÚMERO DE CONTROL |
| campo de control |
DR-UNIBE |
| 005 - FECHA Y HORA DE LA ÚLTIMA TRANSACCIÓN |
| campo de control |
20250325111309.0 |
| 008 - DATOS DE LONGITUD FIJA--INFORMACIÓN GENERAL |
| campo de control de longitud fija |
250325b2007 ck ||||| |||| 00| 0 spa d |
| 040 ## - FUENTE DE LA CATALOGACIÓN |
| Centro catalogador/agencia de origen |
BIBLIOTECA UNIBE |
| Centro/agencia transcriptor |
BIBLIOTECA UNIBE |
| 041 ## - CÓDIGO DE LENGUA |
| Código de lengua del texto/banda sonora o título independiente |
spa |
| 082 ## - NÚMERO DE LA CLASIFICACIÓN DECIMAL DEWEY |
| Número de edición |
22 |
| Número de clasificación |
323 E56p |
| 111 2# - ENTRADA PRINCIPAL--NOMBRE DE CONGRESO/REUNIÓN |
| Nombre de congreso/reunión o jurisdicción como elemento de entrada |
Encuentro de la Jurisdicción Ordinaria (9o. : 2006 nov. 15 : Bogotá) |
| 9 (RLIN) |
193431 |
| 245 13 - MENCIÓN DE TÍTULO |
| Título |
La protección de los derechos fundamentales y la misión asignada a la jurisdicción ordinaria : |
| Resto del título |
antes y después de la Constitución de 1991 ; presente y futuro del recurso de casación en el derecho colombiano y comparado |
| 260 ## - PUBLICACIÓN, DISTRIBUCIÓN, ETC. |
| Lugar de publicación, distribución, etc. |
Bogotá : |
| Nombre del editor, distribuidor, etc. |
Corte Suprema de Justicia, |
| Fecha de publicación, distribución, etc. |
2007 |
| 300 ## - DESCRIPCIÓN FÍSICA |
| Extensión |
532 páginas : |
| Otras características físicas |
ilustraciones, gráficos ; |
| Dimensiones |
25 x 18 cm |
| 505 0# - NOTA DE CONTENIDO CON FORMATO |
| Nota de contenido con formato |
La protección de los derechos fundamentales y la misión asignada a la jurisdicción ordinaria : antes y después de la Constitución de 1991 |<br/>Presente y futuro del recurso de casación en el derecho colombiano y comparado |
| 520 3# - SUMARIO, ETC. |
| Sumario, etc. |
La protección de los derechos fundamentales y la misión asignada a la jurisdicción ordinaria: antes y después de la Constitución de 1991 es un documento que trata sobre la protección de los derechos fundamentales y el recurso de casación en el derecho colombiano. |
| 650 #7 - PUNTO DE ACCESO ADICIONAL DE MATERIA--TÉRMINO DE MATERIA |
| Fuente del encabezamiento o término |
lemb |
| Término de materia o nombre geográfico como elemento de entrada |
Derecho constitucional |
| Subdivisión geográfica |
Colombia |
| Subdivisión de forma |
Congresos, conferencias, etc. |
| 9 (RLIN) |
193460 |
| 650 #7 - PUNTO DE ACCESO ADICIONAL DE MATERIA--TÉRMINO DE MATERIA |
| Fuente del encabezamiento o término |
lemb |
| Término de materia o nombre geográfico como elemento de entrada |
Derechos humanos |
| Subdivisión geográfica |
Colombia |
| Subdivisión de forma |
Congresos, conferencias, etc. |
| 9 (RLIN) |
193461 |
| 650 #7 - PUNTO DE ACCESO ADICIONAL DE MATERIA--TÉRMINO DE MATERIA |
| Fuente del encabezamiento o término |
lemb |
| Término de materia o nombre geográfico como elemento de entrada |
Derechos civiles |
| Subdivisión geográfica |
Colombia |
| Subdivisión de forma |
Congresos, conferencias, etc. |
| 9 (RLIN) |
193462 |
| 650 #7 - PUNTO DE ACCESO ADICIONAL DE MATERIA--TÉRMINO DE MATERIA |
| Fuente del encabezamiento o término |
lemb |
| Término de materia o nombre geográfico como elemento de entrada |
Recurso contencioso administrativo |
| Subdivisión geográfica |
Colombia |
| Subdivisión de forma |
Congresos, conferencias, etc. |
| 9 (RLIN) |
193463 |
| 650 #7 - PUNTO DE ACCESO ADICIONAL DE MATERIA--TÉRMINO DE MATERIA |
| Fuente del encabezamiento o término |
lemb |
| Término de materia o nombre geográfico como elemento de entrada |
Recurso de casación |
| Subdivisión geográfica |
Colombia |
| Subdivisión de forma |
Congresos, conferencias, etc. |
| 9 (RLIN) |
193464 |
| 650 #7 - PUNTO DE ACCESO ADICIONAL DE MATERIA--TÉRMINO DE MATERIA |
| Fuente del encabezamiento o término |
lemb |
| Término de materia o nombre geográfico como elemento de entrada |
Defensores de los derechos humanos |
| Subdivisión geográfica |
Colombia |
| 9 (RLIN) |
27485 |
| 651 #7 - PUNTO DE ACCESO ADICIONAL DE MATERIA--NOMBRE GEOGRÁFICO |
| Fuente del encabezamiento o término |
lemb |
| Nombre geográfico |
Colombia |
| Subdivisión general |
Corte Suprema de Justicia |
| Subdivisión de forma |
Congresos, conferencias, etc. |
| 9 (RLIN) |
193429 |
| 653 ## - TÉRMINO DE INDIZACIÓN--NO CONTROLADO |
| Término no controlado |
Protección de los derechos humanos |
| 700 1# - PUNTO DE ACCESO ADICIONAL--NOMBRE DE PERSONA |
| Nombre de persona |
Jaramillo J., Carlos Ignacio |
| Término indicativo de función/relación |
presentación |
| 9 (RLIN) |
193430 |
| 711 2# - PUNTO DE ACCESO ADICIONAL--NOMBRE DE REUNIÓN/CONGRESO |
| Nombre de congreso/reunión o jurisdicción como elemento de entrada |
Congreso de la Corte Suprema de Justicia (1o. : 2006 nov. 16-17 : Bogotá) |
| 9 (RLIN) |
193437 |
| 942 ## - ELEMENTOS DE PUNTO DE ACCESO ADICIONAL (KOHA) |
| Fuente del sistema de clasificación o colocación |
Sistema de Clasificación Decimal Dewey |
| Tipo de ítem Koha |
Libro (general) |